000 00808cab a2200241 4500
001 WB3441-30
008 090401t1998 xxu||||| |||| 00| 0 eng d
035 _a(Sirsi) u89355
041 _aeng
245 _aMarriage breakdown
260 _c1998
350 _a0
490 _aIndependent
_v28 October 1998, 2.12(1)
520 _aGovernment`s consultation document on leasehold reform is set to amend or even drop the concept of `marriage value`. At present landlords can apply for up to 100% of the marriage value and are guaranteed a minimum of 50%.
650 _aFREEHOLDERS
650 _aLEASEHOLD ENFRANCHISEMENT
650 _aLEASEHOLD REFORM
650 _aLEASEHOLDERS
650 _aMARRIAGE VALUE
690 _aLANDLORD AND TENANT-LEASEHOLD REFORM
942 _n0
948 _c28/10/1998
999 _c56526
_d56526